Věková struktura pracovních sil a hodnota lidského kapitálu

Pojem ľudský kapitál. Hodnota ľudského kapitálu. Vzťah veku a výkonnosti pracovníkov.

Salvato in:
Dettagli Bibliografici
Autore principale: Koubek, Josef
Natura: Capitolo di libro
Lingua:ceco
Soggetti:
Tags: Aggiungi Tag
Nessun Tag, puoi essere il primo ad aggiungerne!!

MARC

LEADER 00000naa a2200000 4500
001 0179727
005 20220516131646.3
041 0 |a cze 
044 |a SK 
245 1 0 |a Věková struktura pracovních sil a hodnota lidského kapitálu  |c Josef Koubek 
520 |a Pojem ľudský kapitál. Hodnota ľudského kapitálu. Vzťah veku a výkonnosti pracovníkov. 
610 2 0 |a výkony pracovné 
610 2 0 |a kapitál ľudský 
610 2 0 |a sily pracovné 
610 2 0 |a vek 
610 2 0 |a vedomosti 
100 1 |a Koubek, Josef